| 000 | 00552nam a2200205Ia 4500 | ||
|---|---|---|---|
| 005 | 20221130143058.0 | ||
| 008 | 131103s9999 xx 000 0 und d | ||
| 020 | _aSBN 57108379X | ||
| 040 | _aLoreto College | ||
| 041 | _aEnglish | ||
| 082 |
_a821.91 _bELI-SOU |
||
| 100 | _aSoutham, B. C. | ||
| 245 | 2 |
_aA Student's guide to the selected poems of T. S. Eliot _cB. C. Southam |
|
| 260 |
_aLondon _bFaber _c1968 |
||
| 300 | _a136 p. | ||
| 650 | _aEnglish Poetry | ||
| 651 | _aEliot, T. S. - Poetry - Criticism | ||
| 850 | _aLCLIB | ||
| 942 | _cBK | ||
| 999 |
_c6686 _d57165 |
||